[Event "OP-2011-0-01387"]
[Site "LSS email"]
[Date "2011.01.28"]
[Round "?"]
[White "Shim Ng Min, Francis"]
[Black "Kamarzaev, Aslan"]
[Result "1/2-1/2"]
[WhiteElo "1226"]
[BlackElo "800"]
[PlyCount "41"]
[EventDate "2011.01.22"]
[EventType "tourn (corr)"]
[EventRounds "4"]
[EventCountry "GER"]
[SourceTitle "Telechess CBM 145"]
[Source "Chessbase"]
[SourceDate "2011.11.11"]
[SourceVersion "1"]
[SourceVersionDate "2011.11.11"]
[SourceQuality "1"]

1. e4 c5 2. Nf3 d6 3. d4 cxd4 4. Nxd4 e5 5. Bb5+ Bd7 6. Bxd7+ Qxd7 7. Nf5 g6 8. Ne3 Nf6 9. Nc3 Bg7 10. 0-0 0-0 11. Ned5 Nc6 12. Bg5 Nxd5 13. Nxd5 Nd4 14. c3 Ne6 15. Bf6 Qb5 16. b3 Rfe8 17. Bxg7 Kxg7 18. Qf3 Rac8 19. Qf6+ Kh6 20. Qh4+ Kg7 21. Qf6+ 1/2-1/2